| 000 | 01774cam a22003974i 4500 | ||
|---|---|---|---|
| 003 | PE-LiUPU | ||
| 005 | 20250731184549.0 | ||
| 008 | 150625s r 000 0 d | ||
| 035 | _a(Sirsi) a33023 | ||
| 040 |
_aPE-LiUPU _bspa _cPE-LiUPU _erda |
||
| 082 | 0 | 4 |
_a985.008 _bP45 _221 |
| 110 | 2 | _aPerú; biblioteca nacional | |
| 245 | 1 | 0 |
_aMercurio peruano; 1794 . _n10. |
| 264 | 1 |
_aLima : _bPanamericana, _c1966. |
|
| 336 |
_atext _2rdacontent |
||
| 337 |
_aunmediated _2rdamedia |
||
| 338 |
_avolume _2rdacarrier |
||
| 505 | 0 | _aDoctor Hipólito Unanue: Valores por registro, elogio fúnebre de Exomo, necesidad de la historia natural científica, carta pastoral de Monseñor el León de Castellano Obispo de Tolón, carata sobre el establecimiento de la pesca, receta para la curación de dolores reumáticos, Moneda de Lima en los años de 1792, Observaciones meteorológicas del mes de febrero, Extracto de la carga conducidapor el Paquebot Santa Teresa, disertación preliminar, Noticias de las aguas minerales de Purina, extracto de la carga que conduce la fragatade libre comercionombrada el rey Carlos. | |
| 526 | _aP136 | ||
| 526 | _aP135 | ||
| 526 | _aP134 | ||
| 526 | _aP133 | ||
| 526 | _aP144 | ||
| 526 | _aP143 | ||
| 526 | _aP87 | ||
| 526 | _aP35 | ||
| 526 | _aP20 | ||
| 526 | _aP14 | ||
| 526 | _aP10 | ||
| 526 | _aP06 | ||
| 942 |
_2ddc _cBOOK |
||
| 949 |
_a985.008 P45 10 _wDEWEY _c1 _i21682 _lCCODEBUL1 _mBUL _p00.00 _r0 _sY _tBOOK _u2015-06-25 _xBIBLIOTECA _zUNKNOWN _0COMPRA _o.STAFF. Colección General |
||
| 596 | _a1 | ||
| 999 |
_a985.008 P45 10 _wDEWEY _c40741 _i21682 _f2021-11-8 _g5 _lCCODEBUL1 _mBUL _r0 _sY _tBOOK _u2015-6-25 _xBIBLIOTECA _zUNKNOWN _0COMPRA _o.STAFF. Colección General _d40741 |
||
| 980 |
_81 _gALBERTO SANCHEZ Responsable de Automatización |
||